000 00528nam a2200205Ia 4500
003 OSt
005 20220927114240.0
006 a|||||r|||| 00| 0
007 ta
008 220926b |||||||| |||| 00| 0 eng d
024 _a149435
037 _cTextbook
040 _aRTL
_cRTL
_beng
041 _2eng
_aeng
082 _a"X, TD"
100 _aHELLEINER A K Ed.
_9387878
245 0 _aTrade policy and industralization in Turbulent times
942 _h"X, TD"
_cCC
999 _c703728
_d703728